Fundamentals of Statistics Vol-1 (Record no. 31268)

MARC details
000 -LEADER
fixed length control field 00422nam a2200169Ia 4500
008 - FIXED-LENGTH DATA ELEMENTS--GENERAL INFORMATION
fixed length control field 230524s9999 xx 000 0 und d
082 ## - DEWEY DECIMAL CLASSIFICATION NUMBER
Classification number 310
Item number GUN
100 ## - MAIN ENTRY--AUTHOR NAME
Personal name A.M.Gun
245 #0 - TITLE STATEMENT
Title Fundamentals of Statistics Vol-1
250 ## - EDITION STATEMENT
Edition statement 1ST
260 ## - PUBLICATION, DISTRIBUTION, ETC. (IMPRINT)
Place of publication CALCUTTA
Name of publisher World Press
Year of publication 2002
300 ## - PHYSICAL DESCRIPTION
Number of Pages XIV;599
500 ## - GENERAL NOTE
General note Quantity Number: 2
650 ## - SUBJECT ADDED ENTRY--TOPICAL TERM
Topical Term Mathematics
700 ## - ADDED ENTRY--PERSONAL NAME
Personal name " M.K.Gupta , B.Dasgupta,,,"
942 ## - ADDED ENTRY ELEMENTS (KOHA)
Koha item type Books
Holdings
Lost status Damaged status Permanent Location Current Location Shelving location Date acquired Full call number Accession Number Koha item type
    Central Library, Trident Academy of Technology Central Library, Trident Academy of Technology General Stacks 05/24/2023 310 GUN 8773 Books
    Central Library, Trident Academy of Technology Central Library, Trident Academy of Technology General Stacks 05/24/2023 310 GUN 8774 Books
Trident Academy of Technology © 2023.
All rights reserved.                                                                                                                                                                                                        Designed by Team of Central Library .

Powered by Koha